| 000 | 00634nam a22002057a 4500 | ||
|---|---|---|---|
| 003 | OSt | ||
| 005 | 20250818093755.0 | ||
| 008 | 250818b |||||||| |||| 00| 0 eng d | ||
| 020 | _a1552852601 | ||
| 040 |
_aDWC-Main Lib _cOC |
||
| 082 | _aCirc. 641.5971 L377 2011 | ||
| 245 | _aThe Laura secord Canadian cook book/ | ||
| 260 |
_aCanada : _bWhitecap Books, _cc2011. |
||
| 300 |
_a192 pages : _billustrations ; _c26cm. |
||
| 504 | _aIncludes index. | ||
| 650 | _a1. Cookery --- Canadian. | ||
| 650 | _a2. Laura Second Candy shops limited. | ||
| 650 | _a3. Canadian Home Economics Association. | ||
| 942 |
_2ddc _cBK-CIRC _kCirc. _n0 |
||
| 999 |
_c4028 _d4028 |
||